000 01081cam a2200325 i 4500
001 4260757
003 EG-ScBUE
005 20240908100330.0
008 841115r19871986nyua f b 001 0 eng d
020 _a007038133X
020 _a0071005447
040 _aDLC
_beng
_erda
_cDLC
_dDLC
_dEG-ScBUE
082 0 4 _a511
_222
_bLIU
100 1 _aLiu, C. L.
_q(Chung Laung),
_d1934-
_eauthor.
245 1 0 _aElements of discrete mathematics /
_cC. L. Liu, Department of Computer Science, University of Illinois at Urbana-Champaign.
250 _aSecond edition.
250 _aThird printing.
264 1 _aNew York :
_bMcGraw-Hill Company,
_c1987.
300 _axiv, 433 pages :
_billustrations ;
_c25 cm.
336 _2rdacontent
_atext
_btxt
337 _aunmediated
_2rdamedia
_bn
338 _avolume
_bnc
_2rdacarrier
490 0 _aComputer science series
504 _aIncludes bibliographical references and index.
650 7 _aCombinatorial analysis.
_2BUEsh
650 7 _aAlgebra, Abstract.
_2BUEsh
653 _bGGEN
_cMarch2018
655 _vReading book
942 _2ddc
_cBB
999 _c26393
_d26365